[Event "FRA-chT4 0304"]
[Site "Champagne Ardenne"]
[Date "2004.02.01"]
[Round "5"]
[White "Barbelin, Jean Pierre"]
[Black "Marchal, Ludovic"]
[Result "0-1"]
[WhiteElo "1590"]
[BlackElo "1400"]
[PlyCount "64"]
[EventDate "2003.10.??"]
[EventRounds "6"]
[EventCountry "FRA"]
[SourceTitle "EXT 2005"]
[Source "ChessBase"]
[SourceDate "2004.11.15"]
[SourceVersion "1"]
[SourceVersionDate "2004.11.15"]
[SourceQuality "1"]

1. c4 Nf6 2. Nf3 g6 3. g3 Bg7 4. Bg2 0-0 5. 0-0 d6 6. d3 e5 7. Nc3 h6 8. Nd2 c6 9. Nde4 Nxe4 10. Nxe4 Be6 11. Rb1 Na6 12. b3 Qc7 13. Bd2 d5 14. cxd5 Bxd5 15. Qc1 Rfd8 16. Bxh6 Qd7 17. Bg5 Bxe4 18. Bxe4 Re8 19. a3 Nc7 20. Bh6 Ne6 21. Bxg7 Kxg7 22. b4 Nd4 23. Qd2 Qg4 24. Rfe1 Rh8 25. Bg2 Rad8 26. Qe3 Qh5 27. h4 Nf5 28. Qf3 Qxf3 29. Bxf3 Nd4 30. Bg2 Rd6 31. e3 Ne6 32. Bh3 Rhd8 0-1

[Event "FRA-chT4 0102"]
[Site "Champagne Ardenne"]
[Date "2001.10.14"]
[Round "1"]
[White "Guilbaut, Bertrand"]
[Black "Barbelin, Jean Pierre"]
[Result "1-0"]
[WhiteElo "1850"]
[BlackElo "1600"]
[PlyCount "117"]
[EventDate "2002.10.??"]
[EventType "team"]
[EventRounds "7"]
[EventCountry "FRA"]
[SourceTitle "EXT 2005"]
[Source "ChessBase"]
[SourceDate "2004.11.15"]
[SourceVersion "1"]
[SourceVersionDate "2004.11.15"]
[SourceQuality "1"]

1. c4 c5 2. Nc3 Nc6 3. Nf3 e6 4. g3 Nf6 5. Bg2 Be7 6. 0-0 0-0 7. d4 cxd4 8. Nxd4 a6 9. a3 Rb8 10. b4 Nxd4 11. Qxd4 d6 12. Rd1 Qc7 13. Bb2 e5 14. Qd3 Be6 15. Nd5 Nxd5 16. cxd5 Bg4 17. Rac1 Qd7 18. Rc4 Rbc8 19. Rdc1 Rxc4 20. Rxc4 f5 21. Qc2 Bf6 22. e3 Qd8 23. f4 e4 24. Bxf6 Qxf6 25. Qc3 Qxc3 26. Rxc3 Bh5 27. Rc7 Rf7 28. Rc8+ Rf8 29. Rxf8+ Kxf8 30. Bf1 Bf7 31. Bc4 Bh5 32. Kf2 Kf7 33. Ke1 Ke7 34. a4 Be8 35. b5 a5 36. b6 Bxa4 37. Ba6 Kd7 38. Bxb7 Bb5 39. Kd2 a4 40. Kc3 a3 41. Kb3 a2 42. Kxa2 Kd8 43. Ka3 Bd7 44. Kb4 Bc8 45. Bc6 g6 46. b7 Bxb7 47. Bxb7 Kc7 48. Bc6 Kd8 49. Kb5 Ke7 50. Kb6 Kd8 51. Kb7 h6 52. h4 Ke7 53. Kc7 g5 54. hxg5 hxg5 55. fxg5 Kf7 56. Kxd6 Kg6 57. Ke5 Kxg5 58. d6 Kg4 59. d7 1-0

[Event "FRA-chT4 0001"]
[Site "Champagne Ardenne"]
[Date "2000.11.19"]
[Round "2"]
[White "Desanlis, Anne Sophie"]
[Black "Barbelin, Jean Pierre"]
[Result "1/2-1/2"]
[WhiteElo "1620"]
[BlackElo "1630"]
[PlyCount "55"]
[EventDate "2001.10.??"]
[EventType "team"]
[EventRounds "7"]
[EventCountry "FRA"]
[SourceTitle "EXT 2005"]
[Source "ChessBase"]
[SourceDate "2004.11.15"]
[SourceVersion "1"]
[SourceVersionDate "2004.11.15"]
[SourceQuality "1"]

1. c4 c5 2. Nc3 Nc6 3. d3 e6 4. g3 Nf6 5. Bg2 Be7 6. e3 0-0 7. Nge2 d5 8. 0-0 a6 9. b3 dxc4 10. dxc4 Qc7 11. a3 Bd7 12. Qc2 Ne5 13. Ne4 Bc6 14. Bb2 Nxe4 15. Bxe4 Bxe4 16. Qxe4 Bf6 17. Rab1 Nd7 18. Bxf6 Nxf6 19. Qc2 Qc6 20. Nc3 Qf3 21. Qe2 Qf5 22. e4 Qe5 23. Rbc1 Qg5 24. f3 h5 25. f4 Qg6 26. Qf3 h4 27. e5 Nh5 28. g4 1/2-1/2

[Event "FRA-chT4 0001"]
[Site "Champagne Ardenne"]
[Date "2000.10.15"]
[Round "1"]
[White "Barbelin, Jean Pierre"]
[Black "Colin, Stephanie"]
[Result "0-1"]
[WhiteElo "1630"]
[BlackElo "1840"]
[PlyCount "52"]
[EventDate "2001.10.??"]
[EventType "team"]
[EventRounds "7"]
[EventCountry "FRA"]
[SourceTitle "EXT 2005"]
[Source "ChessBase"]
[SourceDate "2004.11.15"]
[SourceVersion "1"]
[SourceVersionDate "2004.11.15"]
[SourceQuality "1"]

1. d4 Nf6 2. c4 e5 3. dxe5 Ng4 4. Nf3 Bc5 5. e3 Nc6 6. Be2 Ngxe5 7. 0-0 0-0 8. a3 a5 9. Nc3 Re8 10. b3 Nxf3+ 11. Bxf3 Ne5 12. Be4 Ra6 13. Bc2 Rh6 14. Ne4 Qh4 15. h3 Bf8 16. f4 Nc6 17. Ng5 d6 18. Qf3 g6 19. Bb2 Bg7 20. Bxg7 Kxg7 21. Rae1 Nd4 22. Qd5 Ne6 23. f5 Nxg5 24. fxg6 fxg6 25. Qd1 Nxh3+ 26. gxh3 Qg3+ 0-1